书目信息 |
| 题名: |
真实的罗姆尼
|
|
| 作者: | 克拉尼奇 , 赫尔曼 著 ;荣丽亚 , 朱宪超 译 | |
| 分册: | ||
| 出版信息: | 北京 中国民主法制出版社 2012 |
|
| 页数: | 284页 | |
| 开本: | 24cm | |
| 丛书名: | ||
| 单 册: | ||
| 中图分类: | K837.127=6 , K837.127 | |
| 科图分类: | ||
| 主题词: | 政治人物--人物研究--美国--现代 , 政治人物 , 人物研究 | |
| 电子资源: | ||
| ISBN: | 978-7-5162-0166-4 | |
| 000 | 01506nam0 2200325 450 | |
| 001 | 2371596486 | |
| 005 | 20231209184442.39 | |
| 010 | @a978-7-5162-0166-4@dCNY76.00 | |
| 100 | @a20121212d2012 em y0chiy50 ea | |
| 101 | 1 | @achi@ceng |
| 102 | @aCN@b110000 | |
| 105 | @aa z 001yb | |
| 200 | 1 | @a真实的罗姆尼@Azhen shi de luo mu ni@dThe Real Romney@zeng@f(美)迈克尔·克拉尼奇,(美)斯科特·赫尔曼著@g荣丽亚,朱宪超译 |
| 210 | @a北京@c中国民主法制出版社@d2012 | |
| 215 | @a284页@c照片@d24cm | |
| 330 | @a本书详细介绍了罗姆尼在贝恩资本投资公司的地位以及他通过杠杆收购创造惊人利润、提供就业机会但却将他们摧毁的过程。从参议员竞选中败给了泰德·肯尼迪,挽救2002年冬季奥运会到在马萨诸塞州倡导全民保健,揭露了2008年罗姆尼进军白宫时的内讧及分歧以及2012年竞选中策略的转变。同时,书中展现了罗姆尼的私人生活,讲述了他怎样经过四年的“马拉松”式的恋爱与妻子的结合;他作为一名摩门传教士在法国的那段艰辛岁月以及那次在他人生道路上产生了深远影响的致命的车祸以及他与父亲亲密但却复杂的关系。 | |
| 510 | 1 | @aReal Romney@zeng |
| 600 | 0 | @a罗姆尼@c(Romney, Mitt)@x人物研究 |
| 600 | 0 | @a罗姆尼@c(Romney, Mitt) |
| 606 | 0 | @a政治人物@x人物研究@y美国@z现代 |
| 606 | 0 | @a政治人物 |
| 606 | 0 | @a人物研究 |
| 690 | @aK837.127=6@v5 | |
| 690 | @aK837.127@v4 | |
| 701 | 0 | @c(美)@a克拉尼奇@Ake la ni qi@4著 |
| 701 | 0 | @c(美)@a赫尔曼@Ahe er man@4著 |
| 702 | 0 | @a荣丽亚@Arong li ya@4译 |
| 702 | 0 | @a朱宪超@Azhu xian chao@4译 |
| 801 | 0 | @aCN@b大连网信软件有限公司图书馆·11@c20231016 |
| 905 | @aZUCC@dK837.127@e109 | |
| 真实的罗姆尼=The Real Romney/(美)迈克尔·克拉尼奇,(美)斯科特·赫尔曼著/荣丽亚,朱宪超译.-北京:中国民主法制出版社,2012 |
| 284页:照片;24cm |
| ISBN 978-7-5162-0166-4:CNY76.00 |
| 本书详细介绍了罗姆尼在贝恩资本投资公司的地位以及他通过杠杆收购创造惊人利润、提供就业机会但却将他们摧毁的过程。从参议员竞选中败给了泰德·肯尼迪,挽救2002年冬季奥运会到在马萨诸塞州倡导全民保健,揭露了2008年罗姆尼进军白宫时的内讧及分歧以及2012年竞选中策略的转变。同时,书中展现了罗姆尼的私人生活,讲述了他怎样经过四年的“马拉松”式的恋爱与妻子的结合;他作为一名摩门传教士在法国的那段艰辛岁月以及那次在他人生道路上产生了深远影响的致命的车祸以及他与父亲亲密但却复杂的关系。 |
| ● |
| 相关链接 |
|
|
|
正题名:真实的罗姆尼
索取号:K837.127/109
 
预约/预借
| 序号 | 登录号 | 条形码 | 馆藏地/架位号 | 状态 | 备注 |
| 1 | 2001027099 | 2001027099 | 第四书库/四31架A面4层5列/ [索取号:K837.127/109] | 在馆 | |
| 2 | 2001027100 | 2001027100 | 第四书库/四31架A面4层5列/ [索取号:K837.127/109] | 在馆 | |
| 3 | 2001027101 | 2001027101 | 第四书库/四31架A面4层5列/ [索取号:K837.127/109] | 在馆 | |
| 4 | 2001027102 | 2001027102 | 第四书库/四31架A面4层5列/ [索取号:K837.127/109] | 在馆 | |
| 5 | 2001027103 | 2001027103 | 第四书库/四31架A面4层5列/ [索取号:K837.127/109] | 在馆 | |
| 6 | 2001027104 | 2001027104 | 第四书库/四31架A面4层5列/ [索取号:K837.127/109] | 在馆 |